| 000 | 01473nam a2200373Ka 4500 | ||
|---|---|---|---|
| 001 | 298895896 | ||
| 003 | OCoLC | ||
| 005 | 20230217134549.0 | ||
| 008 | 090120t20081989sp a b 000 1 spa d | ||
| 020 | _a8434827034 (pbk.) | ||
| 020 | _a9788434827035 (pbk.) | ||
| 040 |
_aJTH _beng _cJTH |
||
| 041 | 1 |
_aspa _hpor |
|
| 100 | 1 |
_aMachado, Ana Maria, _d1941- _eauthor. |
|
| 240 | 1 | 0 |
_aCamila o Camilao _lSpanish. |
| 245 | 1 | 0 |
_aCamilon, comilon / _cAna Maria Machado ; ilustraciones de Gusti ; [traduccion, Manuel Barbadillo]. |
| 250 | _a33a. ed. | ||
| 260 |
_aMadrid : _bEdiciones SM, _c2004, c1987. |
||
| 300 |
_a59 p. : _bcol. ill. ; _c19 cm. |
||
| 490 | 1 |
_aBarco de vapor ; _v27. |
|
| 500 | _aOriginal title: Camila o Camilao. | ||
| 520 | _aCamilon, the gluttonous little pig asks all his friends for food, but it's not just for him. | ||
| 520 | _a"El comilon de Camilob tiene hambre. Asi que empieza a pedir comida para llenar su cesta. Y cuando la tenga repleta, Que hara?" -- Provided by publisher. | ||
| 521 | 0 | _a"Primeros lectores"--P. [4] of cover. | |
| 586 | _aManzana de Oro en Bratislava, 1990. | ||
| 586 | _aPremio Nacional de Ilustracion, 1990. | ||
| 650 | 0 |
_aSwine _vJuvenile fiction. |
|
| 650 | 7 |
_aCerdos _vLiteratura juvenil. _2bidex. |
|
| 655 | 7 |
_aSpanish language materials. _2local. |
|
| 700 | 0 |
_aGusti, _d1963- _eillustrator. |
|
| 700 | 1 |
_aBarbadillo, Manuel _etranslator. |
|
| 830 | 0 |
_aBarco de vapor. _pSerie blanca ; _v27. |
|
| 942 | _cBK | ||
| 999 |
_c27038 _d27038 |
||